Les 10 derniers entraineurs de l'équipe de france de Rugby (XV) - Statistiques

Statistiques générales
  • Ce quiz a été pris 46 fois
  • Le résultat moyen est 5 sur 10
Statistiques - réponses
Période Nombre de matchs Victoires Défaites Nuls Entraîneur % Correct
2019- en cours 60 47 13 0 Fabien Galthié
95%
1999-2007 98 62 34 2 Bernard Laporte
80%
2015-2017 21 7 13 1 Guy Novès
80%
2007-2011 45 27 18 0 Marc Lièvremont
76%
2011-2015 45 20 23 2 Philippe Saint-André
73%
2018-2019 23 10 13 0 Jacques Brunel
56%
1995-1999 52 34 18 0 Jean-Claude Skrela
29%
1981-1990 84 49 31 4 Jacques Fouroux
24%
1991-1995 39 26 12 1 Pierre Berbizier
17%
1990-1991 14 10 4 0 Daniel Dubroca
7%
Aucun quiz correspondant
Distribution des résultats
% des personnes avec chaque résultat
Percentile par nombre de réponses
Votre historique - résultats
Vous n’avez pas pris ce quiz